000 00626nam a2200205Ia 4500
003 IN-BaIIA
008 211028s9999 xx 000 0 eng d
020 _a0-04-900027-6
040 _cIIA Library
080 _a94
_bHIS-5.2
245 4 _aThe ninetenth century 1775-1905
_bpt. 3
_cedited by Charles Moraze
260 _aLondon
_bGeorge Allen & Unwin
_c1976
300 _axi, 434-1009p.
650 _aHistory
_97064
650 _aMedieval history
_911690
650 _aModern history
_911691
650 _aOthers thesaurus
_9637
700 _aMoraze, Charles., ed.
_911692
942 _cBK
999 _c6820
_d6820